|
|
|
|
| LEADER |
01198nam a2200289 4500 |
| 001 |
c000353184 |
| 003 |
CARM |
| 005 |
00000000000000.0 |
| 008 |
710524s1970 ilua bs 00000 eng |
| 019 |
1 |
|
|a 49686
|5 LACONCORD2021
|
| 020 |
|
|
|a 0226519309
|
| 035 |
|
|
|a (OCoLC)141879
|5 LACONCORD2021
|
| 050 |
0 |
0 |
|a HG221
|b .V35
|
| 245 |
0 |
0 |
|a Varieties of monetary experience.
|c Edited and with an introd. by David Meiselman. With essays by John V. Deaver [and others]
|
| 260 |
|
|
|a Chicago,
|b University of Chicago Press
|c [1970]
|
| 300 |
|
|
|a 391 p.
|b illus.
|c 24 cm.
|
| 490 |
0 |
|
|a Economics research studies of the Economics Research Center of the University of Chicago
|
| 504 |
|
|
|a Includes bibliographical references.
|
| 650 |
|
0 |
|a Money.
|
| 650 |
|
0 |
|a Quantity theory of money.
|
| 650 |
|
0 |
|a Monetary policy.
|
| 700 |
1 |
|
|a Meiselman, David I.
|e ed.
|
| 810 |
2 |
|
|a University of Chicago.
|b Economics Research Center.
|t Economics research studies
|
| 852 |
8 |
|
|b CARM
|h A2:AP17A0
|i B06984
|p 0308451
|f BK
|
| 082 |
0 |
4 |
|a 332.4
|
| 999 |
f |
f |
|i 7d404edc-6223-5959-a5b5-330bf628b006
|s abd41d12-7b56-5c43-8ef1-43f47fb76a25
|
| 952 |
f |
f |
|p Can circulate
|a CAVAL
|b CAVAL
|c CAVAL
|d CARM 1 Store
|e B06984
|f A2:AP17A0
|h Other scheme
|i book
|m 0308451
|